| 000 | 00566nam a2200193Ia 4500 | ||
|---|---|---|---|
| 005 | 20250508162339.0 | ||
| 008 | 008 250505s9999 xx 000 0 hin d | ||
| 037 | _aTextual | ||
| 040 |
_aFEDL _beng _cFEDL |
||
| 041 |
_ahin _2eng |
||
| 084 |
_a157.9, MOR _qFEDL |
||
| 100 |
_aMorar O. Hobert _9772933 |
||
| 245 | 0 | _aManovicar- vigyan oure dhram me vyapt sankat | |
| 260 |
_aChandigarh, India _bHaryana Hindi Granth Akademi _c1972 |
||
| 300 | _axi,288p | ||
| 650 | _aAbnormal psychology | ||
| 942 |
_cTEXL _h157.9, MOR |
||
| 999 |
_c1375975 _d1375975 |
||